=LDR 00000nam 2200000 4500 =001 INLIS000000000017441 =005 20130612112640 =008 ***********************************Ind** =035 ##$$0010-061300000017441 =041 ##$$a Ind =082 ##$$a 2x1.32 =090 ##$$a 2x1.32, Asy t =100 ##$$a Asy-Syuri, Majdi Bin Manshur Bin Sayyid =245 ##$$a Tafsir imam Syafii, Majdi Bin Manshur Bin Sayyid Asy-Syuri ; penerjemah, M. Misbah =260 ##$$a 2003 $b Jakarta =300 ##$$a 288 hlm, 24 cm =650 ##$$a Imam Syafii-Tafsir =700 ##$$a Misbah, M =850 ##$$a NBPNMAT